Métodos de investigación y estadística en psicología

Zapisane w:
Opis bibliograficzny
1. autor: Coolican, Hugh (Autor)
Format: Książka
Język:hiszpański
Wydane: Ciudad de México El Manual Moderno 1997
Wydanie:2a. ed
Hasła przedmiotowe:
Etykiety: Dodaj etykietę
Nie ma etykietki, Dołącz pierwszą etykiete!

MARC

LEADER 00000cam a2200000 a 4500
001 UCG9968
003 CL-VaPUC
008 120420e19970000MX |||||||||||||||||spa|d
020 |a 9684267436 
082 0 4 |a 155.7  |b COO  |2 21 
100 0 |a Coolican, Hugh  |e author  |9 561753 
245 1 0 |a Métodos de investigación y estadística en psicología 
250 |a 2a. ed 
300 |a 597 p 
942 |c BK 
945 |d 20120420 00:00:00  |a dcastane 
260 |a Ciudad de México  |b El Manual Moderno  |c 1997 
650 0 |a Psicología del desarrollo  |9 307541 
650 0 |a Desarrollo individual   |9 307875 
650 0 |a Métodos de investigación   |9 262618 
650 0 |a Análisis de datos  |9 269871 
650 0 |a Estadística aplicada  |9 270522 
650 7 |a INVESTIGACION PSICOLOGICA  |2 CL-VaPUC  |9 309030 
650 0 |a Investigación cuantitativa  |9 550972 
583 |a last modification  |c 20120420 11:58:00  |k Rodrigo Vera 
999 |c 347493  |d 347491 
952 |0 0  |1 0  |4 0  |6 155_700000000000000_COO_1997  |7 0  |8 A  |9 448876  |a BIBEDU  |b BIBEDU  |d 2019-11-22  |i 4857666  |o 155.7 COO 1997  |p 4857666  |r 2019-11-22  |w 2019-11-22  |y BK  |k PSI